[Event "POL-chT U19 2nd League"]
[Site "Iwonicz"]
[Date "2016.07.31"]
[Round "3.43"]
[White "Brozyna, Mateusz"]
[Black "Pyka, Slawomir"]
[Result "1-0"]
[WhiteElo "1831"]
[BlackElo "1620"]
[PlyCount "55"]
[EventDate "2016.07.23"]
[EventType "team-swiss"]
[EventRounds "11"]
[EventCountry "POL"]
[SourceTitle "EXT 2019"]
[Source "ChessBase"]
[SourceDate "2018.10.10"]
[SourceVersion "1"]
[SourceVersionDate "2018.10.10"]
[SourceQuality "1"]
[WhiteTeam "Myslenice MAT U20"]
[BlackTeam "Strzelce Krajenskie STMGK U19"]
[WhiteTeamCountry "POL"]
[BlackTeamCountry "POL"]

1. d4 d5 2. Nf3 Nf6 3. g3 c6 4. Bg2 g6 5. 0-0 Bg7 6. c4 0-0 7. Nc3 Bf5 8. Qb3 Bc8 9. Bf4 dxc4 10. Qxc4 Nd5 11. Be5 Be6 12. Bxg7 Kxg7 13. Ng5 Nc7 14. Nxe6+ Nxe6 15. Rad1 Nd7 16. e4 Nb6 17. Qd3 Nc7 18. f4 e6 19. f5 exf5 20. exf5 Ncd5 21. Ne4 Nd7 22. g4 h6 23. Nc5 Nxc5 24. dxc5 Nf6 25. Qc3 Qc7 26. Rd6 Qe7 27. Re1 Qxe1+ 28. Qxe1 1-0

[Event "POL-chT U19 2nd League"]
[Site "Iwonicz"]
[Date "2016.07.31"]
[Round "6.55"]
[White "Pyka, Slawomir"]
[Black "Zarnowski, Krzysztof"]
[Result "0-1"]
[WhiteElo "1620"]
[BlackElo "2034"]
[PlyCount "54"]
[EventDate "2016.07.23"]
[EventType "team-swiss"]
[EventRounds "11"]
[EventCountry "POL"]
[SourceTitle "EXT 2019"]
[Source "ChessBase"]
[SourceDate "2018.10.10"]
[SourceVersion "1"]
[SourceVersionDate "2018.10.10"]
[SourceQuality "1"]
[WhiteTeam "Strzelce Krajenskie STMGK U19"]
[BlackTeam "Brzozow UKS SP 1 U19"]
[WhiteTeamCountry "POL"]
[BlackTeamCountry "POL"]

1. d4 Nf6 2. Nf3 c5 3. c3 e6 4. Bg5 d5 5. e3 Nbd7 6. Nbd2 Be7 7. Bb5 0-0 8. 0-0 a6 9. Bd3 b5 10. e4 dxe4 11. Nxe4 cxd4 12. Nxd4 Bb7 13. Nxf6+ Bxf6 14. Bxf6 Nxf6 15. Be2 e5 16. Nf5 g6 17. Nh6+ Kg7 18. Qc1 Nd5 19. g3 f5 20. Rd1 Qf6 21. h4 Rfd8 22. c4 bxc4 23. Bxc4 Rac8 24. b3 Nb6 25. Rxd8 Rxd8 26. Ng8 Qc6 27. Kf1 Nxc4 0-1